Don Ramón Navarro Ocampo ante la Excma. Corte Suprema: julio 1912

Saved in:
Bibliografiske detaljer
Format: Bog
Sprog:spansk
Udgivet: Concepción José V. Soulodre 1912
Fag:
Tags: Tilføj Tag
Ingen Tags, Vær først til at tagge denne postø!

MARC

LEADER 00000nam a2200000 a 4500
001 UCR5152
003 CL-VaPUC
008 980320e19120000CL |||||||||||||||||spa|d
082 0 4 |a 347  |b DON  |2 21 
245 1 0 |a Don Ramón Navarro Ocampo ante la Excma. Corte Suprema: julio 1912 
246 1 0 |a Dos proyectos de actualidad: asuntos hispano-americanos por el coronel d. Mariano José Madueño 
246 1 0 |a Catálogo de la exposición retrospectiva de la prensa chilena abierta el 13 de febrero de 1912 en conmemoración del Centenario de la Aurora de Chile 
246 1 0 |a Discurso leído el 19 de mayo de 1896 en la sesión solemne conmemorativa de su fundación, celebrada en igual día y mes del año 1861 por d. Antonio de Gordon y de Acosta 
246 1 0 |a Discurso leído en el Colegio de Farmacéuticos de La Habana el día 29 de Septiembre de 1895 por el dr. d. Antonio de Gordon y de Acosta 
246 1 0 |a Discurso leído el 29 de noviembre de 1896 en la apertura del primer dispensario para niños pobres de La Habana fundadao bajo la advocación de Ntra. Sra. de la Caridad por d. Antonio de Gordon y de Acosta 
246 1 0 |a Discurso leído el día 21 de febrero de 1897 en la sesión solemne celebrada en la Real Academia de Ciencias Médicas, Físicas y Naturales para el ingreso en la misma del Excmo. sr. dr. d. Cesáreo Fernández de Losada por d. Antonio de Gordon y de Acosta 
246 1 3 |a La Oficina de Estadística del Trabajo 
246 1 0 |a Boletín de la Oficina del Trabajo, N§4, Primer Semestre de 1912 
246 1 0 |a Boletín de la Oficina del Trabajo, N§6, Primer Semestre de 1913 
246 1 0 |a Boletín de la Oficina del Trabajo, N§4 Segundo semestre de 1912 
246 1 3 |a La Cooperativa Agrícola en Alemania i otros países: las cooperativas agrícolas de compra i venta i de producción. Congreso Agrícola Rejional de Concepción, N§3, 1913 
246 1 3 |a El Instituto Internacional de Agricultura de Roma: su organización, su funcionamiento i resultados 
246 1 0 |a Lijera reseña sobre la labor e importancia del Instituto Internacional de Agricultura de Roma 
246 1 0 |a Centenario de la revolución de Mayo 1810-1910. Sociedad Científica Argentina. Congreso Científico Internacional Americano, 10 a 25 de julio de 1910 
246 1 3 |a La higiene de los órganos vocales: manual práctico para cantores y oradores por sir Morell Mackenzie 
246 1 0 |a Lei de 18 de junio de 1857, sobre espropiaciones de terrenos para ferrocarriles 
300 |a 488 p 
942 |c BK 
945 |d 19980320 00:00:00  |a cmena 
260 |a Concepción  |b José V. Soulodre  |c 1912 
650 7 |a RECURSO DE QUEJA  |2 CL-VaPUC  |9 371878 
650 0 |a Procedimiento civil  |9 254870 
650 0 |a Poder judicial  |9 254871 
650 0 |a Tribunales de justicia   |9 328494 
650 0 |a Recurso de apelación  |9 380716 
650 0 |a Agravios   |9 402645 
650 7 |a INSTANCIAS JUDICIALES  |2 CL-VaPUC  |9 405938 
583 |a last modification  |c 19980320 00:00:00  |k Rodrigo Vera 
999 |c 267876  |d 267874 
952 |0 0  |1 0  |4 0  |6 347_000000000000000_DON_1912  |7 0  |8 X  |9 300649  |a BIBDER  |b BIBDER  |d 2019-11-20  |i 1960709  |o 347 DON 1912  |p 1960709  |r 2023-01-25  |w 2019-11-20  |y BK_X  |k DER